Maritime Hockey League (MHL) Teams - Statistics

General Stats
  • This quiz has been taken 6 times
  • The average score is 6 of 12
Answer Stats
Hint Answer % Correct
NS Amherst Ramblers
80%
PEI Summerside Western Capitals
80%
NB Campbellton Tigers
60%
NB Edmundston Blizzard
60%
NB Fredericton Red Wings
60%
NS Truro Bearcats
60%
NS Yarmouth Mariners
60%
NB Grand Falls Rapids
40%
NB Miramichi Timberwolves
40%
NB West Kent Steamers
40%
NS Valley Wildcats
20%
NS Pictou County Weeks Crushers
0%
No matching quizzes found
Score Distribution
Percent of People with Each Score
Percentile by Number Answered
Your Score History
You have not taken this quiz